| 000 -ლიდერი |
| ფიქსირებული სიგრძის საკონტროლო ველი |
01509nam a2200277Ia 4500 |
| 001 - საკონტროლო ნომერი |
| საკონტროლო ველი |
14054 |
| 003 - საკონტროლო ნომრის იდენტიფიკატორი |
| საკონტროლო ველი |
GE_BSU |
| 005 - ბოლო ოპერაციის თარიღი და დრო |
| საკონტროლო ველი |
20241030155526.0 |
| 008 - ფიქსირებული სიგრძის მონაცემთა ელემენტები - ზოგადი ინფორმაცია |
| ფიქსირებული სიგრძის საკონტროლო ველი |
181216s2014||||ge |||||||||||||| ||geo|| |
| 020 ## - წიგნის საერთაშორისო სტანდარტული ნომერი |
| International Standard Book Number |
9789941215148 |
| 040 ## - კატალოგიზაციის წყარო |
| Transcribing agency |
GE_BSU |
| 041 ## - ენის კოდი |
| Language code of text/sound track or separate title |
geo |
| 080 ## - უნივერსალური ათობითი კლასიფიკაციის ინდექსი |
| Universal Decimal Classification number |
821.111-31+821.111.03=353.1 ბ-54 |
| 100 ## - მთავარი ჩანაწერი - პიროვნების სახელი |
| Personal name |
ბერჯესი, ენტონი |
| 9 (RLIN) |
22390 |
| 245 ## - ცნობა სათაურის შესახებ |
| Title |
მექანიკური ფორთოხალი ; 99 რომანი : |
| Remainder of title |
[რომანი] / |
| Statement of responsibility, etc |
ენტონი ბერჯესი ; [მთარგმნ. : გია ჭუმბურიძე, ეკატერინე სუმბათაშვილი ; წინათქმა ზვიად დოლიძე]. |
| 264 ## - წარმოების, გამოცემის, დისტრიბუციის და სხვა ცნობები |
| გამოცემის, წარმოების, დისტრიბუციის... ადგილი |
თბილისი : |
| გამოცემის, წარმოების, დისტრიბუციის... სახელწოდება |
პალიტრა L, |
| გამოცემის, წარმოების, დისტრიბუციის... თარიღი |
2014. |
| 300 ## - ფიზიკური აღწერა |
| Extent |
368 გვ. : |
| Other physical details |
ილ. ; |
| 490 ## - სერიის ცნობა |
| Series statement |
კიდევ 49 წიგნი, რომელიც უნდა წაიკითხო, სანამ ცოცხალი ხარ, |
| Volume number/sequential designation |
2298-0849 ; წ. 22 |
| 653 ## - INDEX TERM--UNCONTROLLED |
| Uncontrolled term |
მექანიკური ფორთოხალი |
| 653 ## - INDEX TERM--UNCONTROLLED |
| Uncontrolled term |
99 რომანი |
| 700 ## - ADDED ENTRY--PERSONAL NAME |
| Personal name |
ჭუმბურიძე, გ. (გია) |
| Relator term |
მთარგმნელი |
| 9 (RLIN) |
22391 |
| 700 ## - ADDED ENTRY--PERSONAL NAME |
| Personal name |
სუმბათაშვილი, ე. (ეკატერინე) |
| Relator term |
მთარგმნელი |
| 9 (RLIN) |
22392 |
| 700 ## - ADDED ENTRY--PERSONAL NAME |
| Personal name |
დოლიძე, ზ. (ზვიად) |
| Relator term |
წინათქმა |
| 9 (RLIN) |
23555 |
| 942 ## - ADDED ENTRY ELEMENTS (KOHA) |
| Koha item type |
წიგნი |
| Source of classification or shelving scheme |
|